[Event "Balou_0003"]
[Site "http://www.queenalice.com/game.php?id=16365"]
[Date "2005.6.15"]
[Round "-"]
[White "ChaosTheory"]
[Black "Mayaune"]
[Result "0-1"]
[WhiteElo "1443"]
[BlackElo "1297"]

1. Nc3 e5 2. e4 c6 3. d3 Bc5 4. Nf3 f6 5. a3 Ne7 6. Be2 O-O 7. b4 Bb6 8. O-O d6
9. d4 exd4 10. Nxd4 Kh8 11. Nb3 Ng6 12. Qd3 Nf4 13. Qd2 Nxe2+ 14. Qxe2 Re8 15.
Bb2 Nd7 16. a4 Ne5 17. h3 Be6 18. a5 Nc4 19. axb6 Nxb2 20. Rxa7 Qxb6 21. Rxa8
Rxa8 22. Qd2 Qxb4 23. Nd4 Bd7 0-1

[Event "AUTO-OPEN-95"]
[Site "http://www.queenalice.com/game.php?id=16414"]
[Date "2005.6.16"]
[Round "1"]
[White "ChaosTheory"]
[Black "Constante"]
[Result "0-1"]
[WhiteElo "1401"]
[BlackElo "1740"]

1. Nf3 Nf6 2. d4 e6 3. Bg5 Be7 4. Nc3 h6 5. Bh4 d5 6. Ne5 O-O 7. Qd3 Bd7 8. Nxd7
Nbxd7 9. O-O-O a6 10. e4 Nb6 11. exd5 Nbxd5 12. Nxd5 Nxd5 13. Bxe7 Qxe7 14. Kb1
Rad8 15. Re1 Nb4 16. Qe4 c5 17. c3 Nd5 18. dxc5 Qxc5 19. Bd3 Nf6 20. Qf3 b5 21.
Rhf1 Rd5 22. Rc1 Rfd8 23. Bc2 Rd2 24. b4 Qe5 25. Rfd1 g6 26. Rxd2 Rxd2 27. Qa8+
Kg7 28. Qxa6 Rxf2 29. Rd1 Rxg2 0-1

[Event "AUTO-OPEN-95"]
[Site "http://www.queenalice.com/game.php?id=16415"]
[Date "2005.6.16"]
[Round "1"]
[White "Constante"]
[Black "ChaosTheory"]
[Result "1-0"]
[WhiteElo "1736"]
[BlackElo "1100"]

1. b3 e5 2. Bb2 Nc6 3. Nc3 Bb4 4. e4 Nd4 5. Nce2 Nxe2 6. Bxe2 Qg5 7. g3 Qe7 8.
Nf3 Bd6 9. O-O Ba3 10. Bc3 Bd6 11. d3 1-0

[Event "AUTO-OPEN-95"]
[Site "http://www.queenalice.com/game.php?id=16416"]
[Date "2005.6.16"]
[Round "1"]
[White "ChaosTheory"]
[Black "nightsend"]
[Result "0-1"]
[WhiteElo "1443"]
[BlackElo "2080"]

1. e3 e5 2. Nf3 e4 3. Nd4 d5 4. Nc3 c5 5. Bb5+ Bd7 6. Bxd7+ Qxd7 7. Ndb5 Nf6 8.
d3 a6 9. Na3 b5 10. Nab1 b4 11. Ne2 Bd6 12. dxe4 dxe4 0-1

[Event "AUTO-OPEN-95"]
[Site "http://www.queenalice.com/game.php?id=16417"]
[Date "2005.6.16"]
[Round "1"]
[White "nightsend"]
[Black "ChaosTheory"]
[Result "1-0"]
[WhiteElo "2090"]
[BlackElo "1443"]

1. e4 e6 2. d4 d5 3. Nc3 dxe4 4. Nxe4 h6 5. Nf3 Nf6 6. Bd3 Nxe4 7. Bxe4 c5 8.
O-O cxd4 9. Nxd4 Bc5 10. Be3 O-O 11. Nxe6 Qxd1 12. Raxd1 Bxe3 13. Nc7 Bc5 14.
Nxa8 1-0

[Event "AUTO-OPEN-96"]
[Site "http://www.queenalice.com/game.php?id=16675"]
[Date "2005.6.18"]
[Round "1"]
[White "RationalKing"]
[Black "ChaosTheory"]
[Result "1-0"]
[WhiteElo "1836"]
[BlackElo "1100"]

1. e4 e5 2. Nc3 Ne7 3. f4 exf4 4. Nf3 Nbc6 5. d4 d5 6. Bxf4 dxe4 7. Nxe4 Bg4 8.
Bb5 a6 9. Bxc6+ Nxc6 10. O-O Bxf3 11. Rxf3 Qxd4+ 12. Qxd4 Nxd4 13. Rf2 Bc5 14.
Nxc5 O-O-O 15. c3 1-0

[Event "AUTO-OPEN-96"]
[Site "http://www.queenalice.com/game.php?id=16695"]
[Date "2005.6.18"]
[Round "1"]
[White "dipdip"]
[Black "ChaosTheory"]
[Result "0-1"]
[WhiteElo "1061"]
[BlackElo "1441"]

1. e4 c6 2. d4 d5 3. exd5 cxd5 4. h4 Nf6 5. Rh3 Bxh3 6. gxh3 Nbd7 7. Bb5 a6 8.
Bd3 e5 9. dxe5 Nxe5 10. Bf5 Ne4 11. Qd4 Nc4 12. Bxe4 dxe4 13. Qxc4 Qxh4 14. Qa4+
b5 15. Qb4 Bxb4+ 16. c3 Bc5 17. Kd1 Qxf2 18. Ne2 O-O-O+ 19. Nd2 e3 20. b4 Qf1+
21. Kc2 Qxe2 22. bxc5 exd2 23. Kb3 d1=Q+ 24. Kb4 Qa4# 0-1

[Event "AUTO-OPEN-96"]
[Site "http://www.queenalice.com/game.php?id=16707"]
[Date "2005.6.18"]
[Round "1"]
[White "ChaosTheory"]
[Black "Bole"]
[Result "0-1"]
[WhiteElo "1188"]
[BlackElo "1430"]

1. e4 e5 2. c3 Qh4 3. d3 Bc5 4. g3 Qf6 5. Nf3 d6 6. Bg5 Qg6 7. d4 Qxe4+ 8. Be2
exd4 9. cxd4 Bb4+ 10. Nc3 Bg4 11. O-O Qf5 12. Bd2 Nf6 13. a3 Ba5 14. Nh4 Bxe2
15. Qxe2+ Qe6 0-1

[Event "AUTO-OPEN-96"]
[Site "http://www.queenalice.com/game.php?id=16708"]
[Date "2005.6.18"]
[Round "1"]
[White "Bole"]
[Black "ChaosTheory"]
[Result "1-0"]
[WhiteElo "1417"]
[BlackElo "1195"]

1. d4 c6 2. e4 e6 3. c4 Bb4+ 4. Bd2 Bxd2+ 5. Nxd2 d5 6. cxd5 exd5 7. e5 Qb6 8.
Nb3 Qb4+ 9. Qd2 Qxd2+ 10. Nxd2 Bf5 11. Ngf3 f6 12. Be2 fxe5 13. Nxe5 Nd7 14.
Ndf3 Nxe5 15. Nxe5 Nf6 16. O-O 1-0

[Event "AUTO-INT-20"]
[Site "http://www.queenalice.com/game.php?id=17236"]
[Date "2005.6.24"]
[Round "1"]
[White "ChaosTheory"]
[Black "victorhg"]
[Result "0-1"]
[WhiteElo "1443"]
[BlackElo "1436"]

1. e4 e5 2. Nc3 Be7 3. Nd5 Bc5 4. b4 Bd4 5. c3 Bb6 6. Nxb6 axb6 7. Qh5 Nf6 8.
Qxe5+ Qe7 9. Qxc7 Qxe4+ 10. Ne2 O-O 11. Qxb6 Ra6 12. Qc5 d6 13. Qd4 Qe7 14. a4
b6 15. b5 Ra7 16. Qxb6 Ng4 17. Qxb8 Bf5 18. Qb6 Raa8 19. Ba3 Rfd8 20. g3 Rab8
21. Qd4 Be4 22. Rg1 Nxh2 23. Qe3 Nf3+ 0-1

[Event "AUTO-INT-20"]
[Site "http://www.queenalice.com/game.php?id=17237"]
[Date "2005.6.24"]
[Round "1"]
[White "victorhg"]
[Black "ChaosTheory"]
[Result "0-1"]
[WhiteElo "1452"]
[BlackElo "1406"]

1. e4 c5 2. d4 cxd4 3. Qxd4 Nc6 4. Qd1 e6 5. Bd3 Nb4 6. Bb5 a6 7. Bc4 Qc7 8. Be2
Qxc2 9. Nd2 Nf6 10. a3 Qxd1+ 11. Bxd1 Nc6 12. Ngf3 Bc5 13. h3 e5 14. Nc4 Nxe4
15. O-O O-O 16. Nfxe5 Nxe5 17. Nxe5 Ng3 18. Bb3 Nxf1 19. Kxf1 d6 20. Nd3 Bb6 21.
Bf4 Bc7 22. Re1 a5 23. a4 b6 24. Bd5 Ra7 25. b3 Ba6 26. Be4 Re8 27. Kg1 Bxd3 0-1